Lamborghini Models - Statistics

General Stats
  • This quiz has been taken 673 times
  • The average score is 14 of 20
Answer Stats
Picture Answer % Correct
Aventador
96%
Urus
96%
Huracán
94%
Countach
83%
Gallardo
78%
Diablo
75%
Murciélago
75%
Veneno
75%
Revuelto
74%
Aventador SVJ
67%
Sián FKP 37
66%
Miura
65%
Sesto Elemento
62%
Huracán STO
59%
Centenario
58%
Reventon
54%
Murciélago SV
49%
Temerario
48%
Diablo SV
47%
Espada (I)
33%
No matching quizzes found
Score Distribution
Percent of People with Each Score
Percentile by Number Answered
Your Score History
You have not taken this quiz